000
00282nam a22001217a 4500
082
_a
823
_b
SAW/O
100
_a
SAWANT, S D
245
_a
SAWANT, S D
260
_a
INDIA
_b
MINISTRY OF INFORMANTION AND BROADCASTING
_c
1973
300
_a
45
650
_a
ENGLISH STORY
_z
INDIA
942
_c
BK
999
_c
7453
_d
7453